Mikroszámitógépek operaciós rendszere Angol nyelvból fordította Katalin Tihányi
Na minha lista:
| Autor principal: | |
|---|---|
| Formato: | Livro |
| Idioma: | húngaro |
| Publicado em: |
Budapest
Müszaki Könyvkiadó
1986
|
| Edição: | 1. kiadás. |
| Tags: |
Sem tags, seja o primeiro a adicionar uma tag!
|
MARC
| LEADER | 00000nam a2200000 4500 | ||
|---|---|---|---|
| 001 | c038885 | ||
| 005 | 20221220072045.0 | ||
| 041 | 0 | |a hun | |
| 044 | |a HU | ||
| 245 | 1 | 0 | |a Mikroszámitógépek operaciós rendszere |b Angol nyelvból fordította Katalin Tihányi |c M. Dahmke |
| 250 | |a 1. kiadás. | ||
| 264 | 1 | |a Budapest |b Müszaki Könyvkiadó |c 1986 | |
| 300 | |a 199 s. | ||
| 100 | 1 | |a Dahmke, Mark | |